Kinh tế và quản lý công nghiệp Giáo trình
vv
Đã lưu trong:
| Tác giả chính: | |
|---|---|
| Định dạng: | Sách |
| Năm xuất bản: |
H.
Đại học kinh tế quốc dân
2007
|
| Chủ đề: | |
| Tags: |
Thêm thẻ
Không có thẻ, Hãy là người đầu tiên gắn thẻ bản ghi này!
|
| LEADER | 04181nam a2200409 4500 | ||
|---|---|---|---|
| 999 | |c 1239 |d 1239 | ||
| 082 | |a 331.068 |b K312t | ||
| 100 | |a Nguyễn Đình Phan | ||
| 245 | |a Kinh tế và quản lý công nghiệp |b Giáo trình |c Nguyễn Đình Phan, Nguyễn Kế Tuấn, Lê Công Hoa,... | ||
| 260 | |a H. |b Đại học kinh tế quốc dân |c 2007 | ||
| 300 | |a 371tr. |c 24cm | ||
| 520 | |a vv | ||
| 653 | |a Kinh tế lao động | ||
| 653 | |a Quản lý | ||
| 653 | |a Công nghiệp | ||
| 653 | |a Giáo trình | ||
| 942 | |2 ddc |c STK0 | ||
| 952 | |0 0 |1 0 |2 ddc |4 0 |6 331_068000000000000_K312T |7 1 |8 300 |9 23925 |a qbu |b qbu |c D2 |d 2014-12-05 |g 45000 |o 331.068 K312t |p 1608.C1 |r 0000-00-00 |w 2014-12-05 |y STK0 | ||
| 952 | |0 0 |1 0 |2 ddc |4 0 |6 331_068000000000000_K312T |7 0 |8 300 |9 23926 |a qbu |b qbu |c D2 |d 2014-12-05 |g 45000 |o 331.068 K312t |p 1608.C2 |r 0000-00-00 |w 2014-12-05 |y STK0 |0 0 |6 331_068000000000000_K312T | ||
| 952 | |0 0 |1 0 |2 ddc |4 0 |6 331_068000000000000_K312T |7 0 |8 300 |9 23927 |a qbu |b qbu |c D2 |d 2014-12-05 |g 45000 |o 331.068 K312t |p 1608.C3 |r 0000-00-00 |w 2014-12-05 |y STK0 |0 0 |6 331_068000000000000_K312T | ||
| 952 | |0 0 |1 0 |2 ddc |4 0 |6 331_068000000000000_K312T |7 0 |8 300 |9 23928 |a qbu |b qbu |c D2 |d 2014-12-05 |g 45000 |o 331.068 K312t |p 1608.C4 |r 0000-00-00 |w 2014-12-05 |y STK0 |0 0 |6 331_068000000000000_K312T | ||
| 952 | |0 0 |1 0 |2 ddc |4 0 |6 331_068000000000000_K312T |7 0 |8 300 |9 23929 |a qbu |b qbu |c D2 |d 2014-12-05 |g 45000 |o 331.068 K312t |p 1608.C5 |r 0000-00-00 |w 2014-12-05 |y STK0 |0 0 |6 331_068000000000000_K312T | ||
| 952 | |0 0 |1 0 |2 ddc |4 0 |6 331_068000000000000_K312T |7 0 |8 300 |9 23930 |a qbu |b qbu |c D2 |d 2014-12-05 |g 45000 |o 331.068 K312t |p 1608.C6 |r 0000-00-00 |w 2014-12-05 |y STK0 |0 0 |6 331_068000000000000_K312T | ||
| 952 | |0 0 |1 0 |2 ddc |4 0 |6 331_068000000000000_K312T |7 0 |8 300 |9 23931 |a qbu |b qbu |c D2 |d 2014-12-05 |g 45000 |o 331.068 K312t |p 1608.C7 |r 0000-00-00 |w 2014-12-05 |y STK0 |0 0 |6 331_068000000000000_K312T | ||
| 952 | |0 0 |1 0 |2 ddc |4 0 |6 331_068000000000000_K312T |7 0 |8 300 |9 23932 |a qbu |b qbu |c D2 |d 2014-12-05 |g 45000 |o 331.068 K312t |p 1608.C8 |r 0000-00-00 |w 2014-12-05 |y STK0 |0 0 |6 331_068000000000000_K312T | ||
| 952 | |0 0 |1 0 |2 ddc |4 0 |6 331_068000000000000_K312T |7 0 |8 300 |9 23933 |a qbu |b qbu |c D2 |d 2014-12-05 |g 45000 |o 331.068 K312t |p 1608.C9 |r 0000-00-00 |w 2014-12-05 |y STK0 |0 0 |6 331_068000000000000_K312T | ||
| 952 | |0 0 |1 0 |2 ddc |4 0 |6 331_068000000000000_K312T |7 0 |8 300 |9 23934 |a qbu |b qbu |c D2 |d 2014-12-05 |g 45000 |o 331.068 K312t |p 1608.C10 |r 0000-00-00 |w 2014-12-05 |y STK0 |0 0 |6 331_068000000000000_K312T | ||
| 952 | |0 0 |1 0 |2 ddc |4 0 |6 331_068000000000000_K312T |7 0 |8 300 |9 23935 |a qbu |b qbu |c D2 |d 2014-12-05 |g 45000 |o 331.068 K312t |p 1608.C11 |r 0000-00-00 |w 2014-12-05 |y STK0 |0 0 |6 331_068000000000000_K312T | ||
| 952 | |0 0 |1 0 |2 ddc |4 0 |6 331_068000000000000_K312T |7 0 |8 300 |9 23936 |a qbu |b qbu |c D2 |d 2014-12-05 |g 45000 |o 331.068 K312t |p 1608.C12 |r 0000-00-00 |w 2014-12-05 |y STK0 |0 0 |6 331_068000000000000_K312T | ||
| 952 | |0 0 |1 0 |2 ddc |4 0 |6 331_068000000000000_K312T |7 0 |8 300 |9 23937 |a qbu |b qbu |c D2 |d 2014-12-05 |g 45000 |o 331.068 K312t |p 1608.C13 |r 0000-00-00 |w 2014-12-05 |y STK0 |0 0 |6 331_068000000000000_K312T | ||
| 952 | |0 0 |1 0 |2 ddc |4 0 |6 331_068000000000000_K312T |7 0 |8 300 |9 23938 |a qbu |b qbu |c D2 |d 2014-12-05 |g 45000 |o 331.068 K312t |p 1608.C14 |r 0000-00-00 |w 2014-12-05 |y STK0 |0 0 |6 331_068000000000000_K312T | ||
| 952 | |0 0 |1 0 |2 ddc |4 0 |6 331_068000000000000_K312T |7 0 |8 300 |9 23939 |a qbu |b qbu |c D2 |d 2014-12-05 |g 45000 |o 331.068 K312t |p 1608.C15 |r 0000-00-00 |w 2014-12-05 |y STK0 |0 0 |6 331_068000000000000_K312T | ||
| 952 | |0 0 |1 0 |2 ddc |4 0 |6 331_068000000000000_K312T |7 0 |8 300 |9 23940 |a qbu |b qbu |c D2 |d 2014-12-05 |g 45000 |o 331.068 K312t |p 1608.C16 |r 0000-00-00 |w 2014-12-05 |y STK0 |0 0 |6 331_068000000000000_K312T | ||
| 952 | |0 0 |1 0 |2 ddc |4 0 |6 331_068000000000000_K312T |7 0 |8 300 |9 23941 |a qbu |b qbu |c D2 |d 2014-12-05 |g 45000 |o 331.068 K312t |p 1608.C17 |r 0000-00-00 |w 2014-12-05 |y STK0 |0 0 |6 331_068000000000000_K312T | ||
| 952 | |0 0 |1 0 |2 ddc |4 0 |6 331_068000000000000_K312T |7 0 |8 300 |9 23942 |a qbu |b qbu |c D2 |d 2014-12-05 |g 45000 |o 331.068 K312t |p 1608.C18 |r 0000-00-00 |w 2014-12-05 |y STK0 |0 0 |6 331_068000000000000_K312T | ||
| 952 | |0 0 |1 0 |2 ddc |4 0 |6 331_068000000000000_K312T |7 0 |8 300 |9 97868 |a qbu |b qbu |c D2 |d 2015-11-06 |o 331.068 K312t |p 1608.c19 |r 0000-00-00 |w 2015-11-06 |y STK0 | ||
| 952 | |0 0 |1 0 |2 ddc |4 0 |6 331_068000000000000_K312T |7 0 |8 300 |9 97869 |a qbu |b qbu |c D2 |d 2015-11-06 |o 331.068 K312t |p 1608.c20 |r 0000-00-00 |w 2015-11-06 |y STK0 | ||